书目信息 |
| 书名: | Modern Times | |
| 作者: | shepard b. clough. | |
| 分册号: | ||
| 分册名: | 出版地: | LEXINGTON : |
|
| 出版社: | D.C.HEATH AND COMPANY | |
| 出版时间: | 1969. | |
| 页数: | ||
| 开本: | 26cm. | |
| 丛书名: | ||
| 中图分类号: | ||
| 科图分类号: | ||
| 其他分类号: | K505 | |
| 主题词: | ||
| 电子资源: | ||
| 000 | 00373nam 2200133 a 4500 | |
| 001 | E0754778171 | |
| 005 | 20070506151927.42 | |
| 008 | 070506s1969 00010 eng | |
| 040 | @aPFT@beng | |
| 090 | @aK505 | |
| 099 | @dK505@eX8=2 | |
| 245 | @aModern Times :@ba history of the western world / @cshepard b. clough. | |
| 260 | @aLEXINGTON :@bD.C.HEATH AND COMPANY,@c1969. | |
| 300 | @c26cm. | |
| Modern Times : : a history of the western world / / shepard b. clough.-LEXINGTON : : D.C.HEATH AND COMPANY, , 1969. |
| 26cm. |
| ISBN |
| ● |
| 相关链接 |
|
|
|
|
正题名:Modern Times
索取号:K505/X8=2
 
预约/预借
| 序号 | 登录号 | 条形码 | 馆藏地/架位号 | 状态 | 备注 |
| 1 | 007472 | 300074728 | 第二样本阅览室/ [索取号:K505/X8=2] | 在馆 |